[Event "Tournoi International du Pays de Charleroi 2018"]
[Site "Roux, Belgium"]
[Date "2018.07.31"]
[Round "5.7"]
[White "Huynh, Laurent"]
[Black "Kukov, Velislav"]
[Result "0-1"]
[BlackTitle "IM"]
[WhiteElo "2071"]
[BlackElo "2382"]

1. e4 {[%clk 01:30:50]} {[%emt 00:00:10]} c6 {[%clk 01:29:45]} {[%emt
00:01:16]} 2. d4 {[%clk 01:30:07]} {[%emt 00:01:12]} d5 {[%clk 01:30:13]}
{[%emt 00:00:03]} 3. exd5 {[%clk 01:28:32]} {[%emt 00:02:05]} cxd5 {[%clk
01:30:40]} {[%emt 00:00:02]} 4. Bd3 {[%clk 01:27:57]} {[%emt 00:01:05]} Nc6
{[%clk 01:31:04]} {[%emt 00:00:07]} 5. c3 {[%clk 01:28:21]} {[%emt 00:00:06]}
Nf6 {[%clk 01:31:25]} {[%emt 00:00:09]} 6. Nf3 {[%clk 01:28:11]} {[%emt
00:00:39]} Bg4 {[%clk 01:31:24]} {[%emt 00:00:32]} 7. h3 {[%clk 01:26:17]}
{[%emt 00:02:24]} Bh5 {[%clk 01:29:18]} {[%emt 00:02:36]} 8. O-O {[%clk
01:26:02]} {[%emt 00:00:45]} e6 {[%clk 01:29:27]} {[%emt 00:00:21]} 9. Nbd2
{[%clk 01:25:05]} {[%emt 00:01:26]} Be7 {[%clk 01:25:16]} {[%emt 00:04:41]} 10.
Re1 {[%clk 01:16:17]} {[%emt 00:09:19]} O-O {[%clk 01:24:41]} {[%emt 00:01:05]}
11. b4 {[%clk 01:14:52]} {[%emt 00:01:55]} a5 {[%clk 01:20:33]} {[%emt
00:04:38]} 12. b5 {[%clk 01:13:49]} {[%emt 00:01:33]} Na7 {[%clk 01:20:51]}
{[%emt 00:00:12]} 13. a4 {[%clk 01:13:25]} {[%emt 00:00:54]} Nc8 {[%clk
01:20:37]} {[%emt 00:00:45]} 14. Qb3 {[%clk 01:12:27]} {[%emt 00:01:28]} Bg6
{[%clk 01:19:12]} {[%emt 00:01:55]} 15. Bxg6 {[%clk 01:11:10]} {[%emt
00:01:47]} hxg6 {[%clk 01:19:28]} {[%emt 00:00:14]} 16. Ne5 {[%clk 01:11:12]}
{[%emt 00:00:28]} Nd6 {[%clk 01:16:39]} {[%emt 00:03:19]} 17. Bb2 {[%clk
01:08:55]} {[%emt 00:02:47]} Rc8 {[%clk 01:15:26]} {[%emt 00:01:42]} 18. Rac1
{[%clk 01:08:11]} {[%emt 00:01:15]} Nfe4 {[%clk 01:07:48]} {[%emt 00:08:08]} 19.
Nxe4 {[%clk 01:08:16]} {[%emt 00:00:24]} Nxe4 {[%clk 01:08:02]} {[%emt
00:00:17]} 20. Rxe4 {[%clk 01:07:20]} {[%emt 00:01:27]} dxe4 {[%clk 01:08:15]}
{[%emt 00:00:17]} 21. c4 {[%clk 01:07:26]} {[%emt 00:00:24]} Bd6 {[%clk
01:03:13]} {[%emt 00:05:31]} 22. c5 {[%clk 01:02:30]} {[%emt 00:05:27]} Bxe5
{[%clk 00:57:28]} {[%emt 00:06:15]} 23. dxe5 {[%clk 01:02:48]} {[%emt
00:00:12]} Qd3 {[%clk 00:57:31]} {[%emt 00:00:27]} 24. Rc3 {[%clk 01:01:22]}
{[%emt 00:01:56]} Qd7 {[%clk 00:44:37]} {[%emt 00:13:23]} 25. Rc4 {[%clk
01:01:03]} {[%emt 00:00:50]} Qd5 {[%clk 00:42:47]} {[%emt 00:02:19]} 26. Bd4
{[%clk 01:00:17]} {[%emt 00:01:17]} f6 {[%clk 00:35:32]} {[%emt 00:07:46]} 27.
Qc3 {[%clk 00:58:37]} {[%emt 00:02:10]} fxe5 {[%clk 00:23:57]} {[%emt
00:12:04]} 28. Be3 {[%clk 00:58:28]} {[%emt 00:00:39]} Rfd8 {[%clk 00:17:26]}
{[%emt 00:07:01]} 29. Kh2 {[%clk 00:58:45]} {[%emt 00:00:13]} Qd3 {[%clk
00:14:22]} {[%emt 00:03:34]} 30. Qc1 {[%clk 00:58:46]} {[%emt 00:00:29]} Qd1
{[%clk 00:08:27]} {[%emt 00:06:26]} 31. Qc3 {[%clk 00:54:54]} {[%emt 00:04:22]}
Qd3 {[%clk 00:08:21]} {[%emt 00:00:36]} 32. Qc1 {[%clk 00:54:54]} {[%emt
00:00:30]} Qb3 {[%clk 00:07:14]} {[%emt 00:01:37]} 33. Rxe4 {[%clk 00:53:11]}
{[%emt 00:02:14]} Rd1 {[%clk 00:07:37]} {[%emt 00:00:06]} 34. Qc4 {[%clk
00:53:37]} {[%emt 00:00:03]} Qxc4 {[%clk 00:08:03]} {[%emt 00:00:05]} 35. Rxc4
{[%clk 00:54:03]} {[%emt 00:00:04]} Kf7 {[%clk 00:08:15]} {[%emt 00:00:18]} 36.
Kg3 {[%clk 00:52:06]} {[%emt 00:02:27]} Rb1 {[%clk 00:07:22]} {[%emt 00:01:23]}
37. Bd2 {[%clk 00:52:03]} {[%emt 00:00:33]} Rb3+ {[%clk 00:07:39]} {[%emt
00:00:13]} 38. f3 {[%clk 00:50:31]} {[%emt 00:02:02]} Rd3 {[%clk 00:00:54]}
{[%emt 00:07:15]} 39. Bc3 {[%clk 00:44:52]} {[%emt 00:06:06]} Rd5 {[%clk
00:01:03]} {[%emt 00:00:22]} 40. c6 {[%clk 00:40:45]} {[%emt 00:04:38]} bxc6
{[%clk 00:00:54]} {[%emt 00:00:39]} 41. Bxa5 {[%clk 00:34:56]} {[%emt
00:06:18]} Ra8 {[%clk 00:29:30]} {[%emt 00:01:53]} 42. Bc3 {[%clk 01:04:52]}
{[%emt 00:00:34]} cxb5 {[%clk 00:27:40]} {[%emt 00:02:20]} 43. Rc7+ {[%clk
01:04:56]} {[%emt 00:00:26]} Kf6 {[%clk 00:22:39]} {[%emt 00:05:31]} 44. a5
{[%clk 01:04:16]} {[%emt 00:01:10]} g5 {[%clk 00:20:36]} {[%emt 00:02:32]} 45.
Rb7 {[%clk 01:02:48]} {[%emt 00:01:59]} Rc8 {[%clk 00:14:45]} {[%emt 00:06:20]}
46. Bb4 {[%clk 01:02:33]} {[%emt 00:00:44]} Rc2 {[%clk 00:10:59]} {[%emt
00:04:16]} 47. a6 {[%clk 00:59:21]} {[%emt 00:03:42]} Ra2 {[%clk 00:11:21]}
{[%emt 00:00:08]} 48. a7 {[%clk 00:59:34]} {[%emt 00:00:17]} Rd4 {[%clk
00:06:20]} {[%emt 00:05:30]} 49. Bc3 {[%clk 00:42:13]} {[%emt 00:17:52]} Rd3
{[%clk 00:04:53]} {[%emt 00:01:57]} 50. Bb2 {[%clk 00:42:25]} {[%emt 00:00:17]}
b4 {[%clk 00:01:21]} {[%emt 00:04:03]} 51. Rb5 {[%clk 00:40:31]} {[%emt
00:02:24]} Rd5 {[%clk 00:00:59]} {[%emt 00:00:52]} 52. Rxb4 {[%clk 00:40:51]}
{[%emt 00:00:10]} Rxa7 {[%clk 00:01:22]} {[%emt 00:00:07]} 53. Bc1 {[%clk
00:40:47]} {[%emt 00:00:34]} Rd4 {[%clk 00:00:58]} {[%emt 00:00:55]} 54. Rb2
{[%clk 00:39:30]} {[%emt 00:01:45]} Rad7 {[%clk 00:01:25]} {[%emt 00:00:03]} 55.
Re2 {[%clk 00:39:41]} {[%emt 00:00:19]} R7d5 {[%clk 00:00:36]} {[%emt
00:01:20]} 56. Rc2 {[%clk 00:37:08]} {[%emt 00:03:02]} Ra4 {[%clk 00:00:51]}
{[%emt 00:00:15]} 57. Re2 {[%clk 00:36:37]} {[%emt 00:01:01]} Kf5 {[%clk
00:00:54]} {[%emt 00:00:27]} 58. Rc2 {[%clk 00:36:10]} {[%emt 00:00:58]} Rda5
{[%clk 00:00:52]} {[%emt 00:00:31]} 59. Rc7 {[%clk 00:34:06]} {[%emt 00:02:34]}
Ra7 {[%clk 00:01:15]} {[%emt 00:00:08]} 60. Rc8 {[%clk 00:34:13]} {[%emt
00:00:23]} Ra2 {[%clk 00:01:11]} {[%emt 00:00:33]} 61. h4 {[%clk 00:32:29]}
{[%emt 00:02:14]} gxh4+ {[%clk 00:01:19]} {[%emt 00:00:23]} 62. Kh3 {[%clk
00:32:45]} {[%emt 00:00:13]} Re2 {[%clk 00:01:11]} {[%emt 00:00:38]} 63. Rf8+
{[%clk 00:32:40]} {[%emt 00:00:35]} Kg6 {[%clk 00:01:34]} {[%emt 00:00:07]} 64.
Re8 {[%clk 00:32:39]} {[%emt 00:00:31]} Kf7 {[%clk 00:01:05]} {[%emt 00:00:59]}
65. Rc8 {[%clk 00:33:00]} {[%emt 00:00:10]} Raa2 {[%clk 00:01:12]} {[%emt
00:00:23]} 0-1

[Event "Tournoi International du Pays de Charleroi 2018"]
[Site "Roux, Belgium"]
[Date "2018.07.31"]
[Round "5.26"]
[White "Godry, Clement"]
[Black "Werner, Ivan"]
[Result "1/2-1/2"]
[WhiteElo "1940"]
[BlackElo "2110"]

1. d4 {[%clk 01:30:57]} {[%emt 00:00:02]} Nf6 {[%clk 01:30:55]} {[%emt
00:00:06]} 2. Nf3 {[%clk 01:31:04]} {[%emt 00:00:23]} g6 {[%clk 01:31:23]}
{[%emt 00:00:04]} 3. e3 {[%clk 01:30:46]} {[%emt 00:00:49]} Bg7 {[%clk
01:31:48]} {[%emt 00:00:05]} 4. Bd3 {[%clk 01:30:48]} {[%emt 00:00:28]} c5
{[%clk 01:31:30]} {[%emt 00:00:51]} 5. c3 {[%clk 01:30:27]} {[%emt 00:00:53]}
b6 {[%clk 01:31:32]} {[%emt 00:00:29]} 6. Nbd2 {[%clk 01:30:36]} {[%emt
00:00:20]} Bb7 {[%clk 01:31:57]} {[%emt 00:00:06]} 7. b3 {[%clk 01:30:42]}
{[%emt 00:00:24]} O-O {[%clk 01:31:25]} {[%emt 00:01:05]} 8. Bb2 {[%clk
01:30:54]} {[%emt 00:00:18]} Nc6 {[%clk 01:30:37]} {[%emt 00:01:22]} 9. O-O
{[%clk 01:30:52]} {[%emt 00:00:32]} Rc8 {[%clk 01:30:05]} {[%emt 00:01:06]} 10.
Qe2 {[%clk 01:27:28]} {[%emt 00:04:05]} Rc7 {[%clk 01:29:12]} {[%emt 00:01:30]}
11. Rac1 {[%clk 01:22:38]} {[%emt 00:05:40]} d6 {[%clk 01:26:49]} {[%emt
00:03:04]} 12. Rfd1 {[%clk 01:21:37]} {[%emt 00:01:37]} e6 {[%clk 01:14:43]}
{[%emt 00:13:25]} 13. Bb1 {[%clk 01:15:41]} {[%emt 00:06:47]} Rd7 {[%clk
01:05:10]} {[%emt 00:10:41]} 14. Nf1 {[%clk 01:12:48]} {[%emt 00:03:38]} Qa8
{[%clk 01:02:53]} {[%emt 00:03:01]} 15. Ng3 {[%clk 01:12:36]} {[%emt 00:00:45]}
Rfd8 {[%clk 01:02:09]} {[%emt 00:01:20]} 16. c4 {[%clk 01:12:03]} {[%emt
00:01:07]} a5 {[%clk 00:58:45]} {[%emt 00:04:12]} 17. d5 {[%clk 01:09:27]}
{[%emt 00:03:23]} exd5 {[%clk 00:58:21]} {[%emt 00:00:58]} 18. cxd5 {[%clk
01:09:50]} {[%emt 00:00:08]} Nb4 {[%clk 00:55:08]} {[%emt 00:04:00]} 19. e4
{[%clk 01:09:04]} {[%emt 00:01:22]} Re7 {[%clk 00:53:23]} {[%emt 00:02:28]} 20.
Qd2 {[%clk 01:07:44]} {[%emt 00:01:58]} Rde8 {[%clk 00:46:07]} {[%emt
00:08:17]} 21. a3 {[%clk 01:07:22]} {[%emt 00:00:57]} Na6 {[%clk 00:44:21]}
{[%emt 00:02:27]} 22. Bd3 {[%clk 01:02:16]} {[%emt 00:05:56]} Nc7 {[%clk
00:23:11]} {[%emt 00:23:17]} 23. Bxf6 {[%clk 00:51:09]} {[%emt 00:12:29]} Bxf6
{[%clk 00:23:31]} {[%emt 00:00:10]} 24. Qf4 {[%clk 00:51:22]} {[%emt 00:00:18]}
Be5 {[%clk 00:21:54]} {[%emt 00:02:18]} 25. Nxe5 {[%clk 00:51:37]} {[%emt
00:00:15]} Rxe5 {[%clk 00:21:21]} {[%emt 00:01:06]} 26. Qf6 {[%clk 00:46:25]}
{[%emt 00:05:53]} Qd8 {[%clk 00:21:40]} {[%emt 00:00:16]} 27. Qxd8 {[%clk
00:46:36]} {[%emt 00:00:19]} Rxd8 {[%clk 00:22:09]} {[%emt 00:00:02]} 28. b4
{[%clk 00:45:46]} {[%emt 00:01:26]} axb4 {[%clk 00:21:05]} {[%emt 00:01:40]} 29.
axb4 {[%clk 00:45:01]} {[%emt 00:01:18]} Ra8 {[%clk 00:19:46]} {[%emt
00:01:57]} 30. bxc5 {[%clk 00:45:05]} {[%emt 00:00:29]} bxc5 {[%clk 00:17:57]}
{[%emt 00:02:29]} 31. Rb1 {[%clk 00:42:48]} {[%emt 00:02:54]} Ba6 {[%clk
00:16:22]} {[%emt 00:02:12]} 32. Bxa6 {[%clk 00:42:30]} {[%emt 00:00:52]} Rxa6
{[%clk 00:16:51]} {[%emt 00:00:02]} 33. Rb7 {[%clk 00:42:36]} {[%emt 00:00:23]}
Re7 {[%clk 00:16:02]} {[%emt 00:01:29]} 34. Rdb1 {[%clk 00:40:37]} {[%emt
00:02:40]} Kf8 {[%clk 00:13:58]} {[%emt 00:02:49]} 35. R7b6 {[%clk 00:37:57]}
{[%emt 00:03:25]} Rd7 {[%clk 00:12:33]} {[%emt 00:02:05]} 36. f3 {[%clk
00:37:36]} {[%emt 00:00:56]} Ra2 {[%clk 00:11:35]} {[%emt 00:01:35]} 37. R1b2
{[%clk 00:33:49]} {[%emt 00:04:33]} Ra4 {[%clk 00:09:17]} {[%emt 00:03:02]} 38.
Ne2 {[%clk 00:33:46]} {[%emt 00:00:37]} Ke7 {[%clk 00:09:33]} {[%emt 00:00:15]}
39. Kf2 {[%clk 00:33:39]} {[%emt 00:00:41]} Ra3 {[%clk 00:06:43]} {[%emt
00:03:39]} 40. R2b3 {[%clk 00:28:33]} {[%emt 00:06:12]} Rxb3 {[%clk 00:04:35]}
{[%emt 00:02:53]} 41. Rxb3 {[%clk 00:28:52]} {[%emt 00:00:12]} Na6 {[%clk
00:02:25]} {[%emt 00:02:56]} 42. Nc3 {[%clk 00:25:37]} {[%emt 00:04:08]} Nb4
{[%clk 00:02:14]} {[%emt 00:00:45]} 43. Ra3 {[%clk 00:25:31]} {[%emt 00:00:37]}
Rb7 {[%clk 00:01:21]} {[%emt 00:01:32]} 44. Ra1 {[%clk 00:22:53]} {[%emt
00:03:16]} Kf6 {[%clk 00:28:31]} {[%emt 00:03:40]} 45. f4 {[%clk 00:52:24]}
{[%emt 00:01:03]} h5 {[%clk 00:26:28]} {[%emt 00:02:45]} 46. Ke2 {[%clk
00:52:06]} {[%emt 00:00:49]} Nc2 {[%clk 00:24:28]} {[%emt 00:02:47]} 47. Rb1
{[%clk 00:52:16]} {[%emt 00:00:20]} Rb4 {[%clk 00:17:34]} {[%emt 00:07:57]} 48.
Kd3 {[%clk 00:49:43]} {[%emt 00:03:11]} Rxb1 {[%clk 00:17:36]} {[%emt
00:00:32]} 49. Nxb1 {[%clk 00:50:06]} {[%emt 00:00:07]} Ne1+ {[%clk 00:17:56]}
{[%emt 00:00:10]} 50. Kc4 {[%clk 00:50:05]} {[%emt 00:00:33]} Nxg2 {[%clk
00:18:12]} {[%emt 00:00:14]} 51. e5+ {[%clk 00:50:11]} {[%emt 00:00:25]} Ke7
{[%clk 00:16:22]} {[%emt 00:02:29]} 52. exd6+ {[%clk 00:50:21]} {[%emt
00:00:22]} Kxd6 {[%clk 00:16:43]} {[%emt 00:00:10]} 53. Nc3 {[%clk 00:50:34]}
{[%emt 00:00:18]} Ne3+ {[%clk 00:17:08]} {[%emt 00:00:07]} 54. Kd3 {[%clk
00:50:57]} {[%emt 00:00:06]} Nxd5 {[%clk 00:17:03]} {[%emt 00:00:38]} 55. Ne4+
{[%clk 00:51:18]} {[%emt 00:00:09]} Kc6 {[%clk 00:15:53]} {[%emt 00:01:49]} 56.
f5 {[%clk 00:50:43]} {[%emt 00:01:11]} gxf5 {[%clk 00:04:46]} {[%emt 00:12:28]}
57. Ng3 {[%clk 00:51:06]} {[%emt 00:00:07]} Nf6 {[%clk 00:03:34]} {[%emt
00:01:49]} 58. Nxf5 {[%clk 00:51:30]} {[%emt 00:00:07]} Kb5 {[%clk 00:03:17]}
{[%emt 00:00:50]} 59. Nd6+ {[%clk 00:51:50]} {[%emt 00:00:10]} Kb4 {[%clk
00:03:42]} {[%emt 00:00:06]} 60. Nxf7 {[%clk 00:51:56]} {[%emt 00:00:25]} c4+
{[%clk 00:03:38]} {[%emt 00:00:36]} 61. Kc2 {[%clk 00:51:53]} {[%emt 00:00:34]}
Ng4 {[%clk 00:03:52]} {[%emt 00:00:19]} 62. h3 {[%clk 00:51:41]} {[%emt
00:00:45]} Ne3+ {[%clk 00:03:21]} {[%emt 00:01:07]} 63. Kc1 {[%clk 00:50:54]}
{[%emt 00:01:22]} c3 {[%clk 00:03:00]} {[%emt 00:00:55]} 64. Ne5 {[%clk
00:50:59]} {[%emt 00:00:27]} Kb3 {[%clk 00:02:58]} {[%emt 00:00:34]} 65. Nd3
{[%clk 00:50:51]} {[%emt 00:00:40]} Kc4 {[%clk 00:02:41]} {[%emt 00:00:53]} 66.
Nf4 {[%clk 00:51:00]} {[%emt 00:00:23]} Kb3 {[%clk 00:01:58]} {[%emt 00:01:19]}
67. Nxh5 {[%clk 00:51:22]} {[%emt 00:00:08]} Nc4 {[%clk 00:01:52]} {[%emt
00:00:37]} 68. Nf4 {[%emt 00:02:24]} 1/2-1/2

[Event "Tournoi International du Pays de Charleroi 2018"]
[Site "Roux, Belgium"]
[Date "2018.07.31"]
[Round "5.11"]
[White "Maerevoet, Sim"]
[Black "Van Cappellen, Jonas"]
[Result "1/2-1/2"]
[WhiteElo "2115"]
[BlackElo "2202"]

1. c4 {[%clk 01:30:57]} {[%emt 00:00:02]} e6 {[%clk 01:24:25]} {[%emt
00:06:36]} 2. Nc3 {[%clk 01:31:18]} {[%emt 00:00:09]} d5 {[%clk 01:23:43]}
{[%emt 00:01:12]} 3. d4 {[%clk 01:31:41]} {[%emt 00:00:07]} Nf6 {[%clk
01:23:41]} {[%emt 00:00:33]} 4. cxd5 {[%clk 01:32:03]} {[%emt 00:00:08]} exd5
{[%clk 01:24:02]} {[%emt 00:00:08]} 5. Bg5 {[%clk 01:32:26]} {[%emt 00:00:07]}
c6 {[%clk 01:24:26]} {[%emt 00:00:06]} 6. Qc2 {[%clk 01:32:43]} {[%emt
00:00:12]} Be7 {[%clk 01:24:40]} {[%emt 00:00:16]} 7. e3 {[%clk 01:33:07]}
{[%emt 00:00:07]} Nbd7 {[%clk 01:25:03]} {[%emt 00:00:07]} 8. Bd3 {[%clk
01:33:29]} {[%emt 00:00:08]} Nh5 {[%clk 01:24:40]} {[%emt 00:00:52]} 9. Bxe7
{[%clk 01:33:34]} {[%emt 00:00:26]} Qxe7 {[%clk 01:25:02]} {[%emt 00:00:08]} 10.
Nge2 {[%clk 01:18:25]} {[%emt 00:15:38]} g6 {[%clk 01:23:57]} {[%emt 00:01:35]}
11. Rb1 {[%clk 01:12:13]} {[%emt 00:06:43]} Nb6 {[%clk 01:21:00]} {[%emt
00:03:26]} 12. b4 {[%clk 01:04:38]} {[%emt 00:08:05]} a6 {[%clk 01:20:03]}
{[%emt 00:01:27]} 13. a4 {[%clk 01:03:50]} {[%emt 00:01:18]} Ng7 {[%clk
01:17:40]} {[%emt 00:02:52]} 14. b5 {[%clk 01:01:25]} {[%emt 00:02:55]} axb5
{[%clk 01:17:13]} {[%emt 00:00:57]} 15. axb5 {[%clk 01:01:33]} {[%emt
00:00:22]} c5 {[%clk 01:16:33]} {[%emt 00:01:08]} 16. dxc5 {[%clk 00:58:10]}
{[%emt 00:03:55]} Qxc5 {[%clk 01:16:51]} {[%emt 00:00:11]} 17. Nd4 {[%clk
00:55:11]} {[%emt 00:03:30]} Ne6 {[%clk 01:12:45]} {[%emt 00:04:35]} 18. Nce2
{[%clk 00:51:03]} {[%emt 00:04:40]} Qxc2 {[%clk 01:11:34]} {[%emt 00:01:40]} 19.
Bxc2 {[%clk 00:49:33]} {[%emt 00:02:00]} Nxd4 {[%clk 01:09:40]} {[%emt
00:02:24]} 20. Nxd4 {[%clk 00:49:38]} {[%emt 00:00:24]} O-O {[%clk 00:59:16]}
{[%emt 00:10:54]} 21. O-O {[%clk 00:39:51]} {[%emt 00:10:18]} Bd7 {[%clk
00:43:16]} {[%emt 00:16:30]} 22. Rfc1 {[%clk 00:33:06]} {[%emt 00:07:16]} Rfc8
{[%clk 00:41:05]} {[%emt 00:02:40]} 23. Bd3 {[%clk 00:30:16]} {[%emt 00:03:21]}
Kf8 {[%clk 00:39:13]} {[%emt 00:02:21]} 24. Kf1 {[%clk 00:26:57]} {[%emt
00:03:48]} Ke7 {[%clk 00:36:47]} {[%emt 00:02:56]} 25. Rxc8 {[%clk 00:16:12]}
{[%emt 00:11:16]} Rxc8 {[%clk 00:21:02]} {[%emt 00:16:15]} 26. Ke2 {[%clk
00:13:27]} {[%emt 00:03:16]} Kd6 {[%clk 00:21:22]} {[%emt 00:00:10]} 27. Rb2
{[%clk 00:08:18]} {[%emt 00:05:39]} Ra8 {[%clk 00:19:27]} {[%emt 00:02:24]} 28.
Rc2 {[%clk 00:07:51]} {[%emt 00:00:57]} Rc8 {[%clk 00:18:19]} {[%emt 00:01:38]}
29. Ra2 {[%clk 00:06:42]} {[%emt 00:01:40]} Ra8 {[%clk 00:16:51]} {[%emt
00:01:57]} 30. Rc2 {[%clk 00:06:49]} {[%emt 00:00:22]} Ra3 {[%clk 00:13:56]}
{[%emt 00:03:24]} 31. Kd2 {[%clk 00:05:33]} {[%emt 00:01:47]} Ra8 {[%clk
00:12:39]} {[%emt 00:01:47]} 1/2-1/2

[Event "Tournoi International du Pays de Charleroi 2018"]
[Site "Roux, Belgium"]
[Date "2018.07.31"]
[Round "5.3"]
[White "De Schampheleire, Glen"]
[Black "Godart, Francois"]
[Result "1-0"]
[WhiteTitle "FM"]
[WhiteElo "2347"]
[BlackElo "2427"]

1. Nf3 {[%clk 01:29:05]} {[%emt 00:00:34]} d5 {[%clk 01:30:48]} {[%emt
00:00:12]} 2. g3 {[%clk 01:29:26]} {[%emt 00:00:09]} Nf6 {[%clk 01:31:08]}
{[%emt 00:00:11]} 3. Bg2 {[%clk 01:29:43]} {[%emt 00:00:12]} e6 {[%clk
01:31:18]} {[%emt 00:00:20]} 4. O-O {[%clk 01:29:44]} {[%emt 00:00:29]} c5
{[%clk 01:31:40]} {[%emt 00:00:08]} 5. c4 {[%clk 01:29:44]} {[%emt 00:00:30]}
d4 {[%clk 01:31:13]} {[%emt 00:00:57]} 6. e3 {[%clk 01:29:57]} {[%emt
00:00:17]} Nc6 {[%clk 01:31:38]} {[%emt 00:00:06]} 7. exd4 {[%clk 01:30:10]}
{[%emt 00:00:16]} cxd4 {[%clk 01:32:04]} {[%emt 00:00:04]} 8. d3 {[%clk
01:30:32]} {[%emt 00:00:09]} h6 {[%clk 01:32:16]} {[%emt 00:00:18]} 9. Re1
{[%clk 01:27:48]} {[%emt 00:03:14]} Bd6 {[%clk 01:32:15]} {[%emt 00:00:30]} 10.
Na3 {[%clk 01:26:42]} {[%emt 00:01:36]} O-O {[%clk 01:32:12]} {[%emt 00:00:33]}
11. Nb5 {[%clk 01:17:34]} {[%emt 00:09:39]} e5 {[%clk 01:14:06]} {[%emt
00:18:36]} 12. Nxd6 {[%clk 01:11:04]} {[%emt 00:07:01]} Qxd6 {[%clk 01:14:31]}
{[%emt 00:00:05]} 13. b4 {[%clk 01:11:27]} {[%emt 00:00:06]} Re8 {[%clk
01:12:15]} {[%emt 00:02:46]} 14. b5 {[%clk 01:04:57]} {[%emt 00:07:00]} Nb8
{[%clk 01:11:44]} {[%emt 00:01:00]} 15. Nh4 {[%clk 01:03:17]} {[%emt 00:02:10]}
Nbd7 {[%clk 00:49:21]} {[%emt 00:22:53]} 16. Nf5 {[%clk 00:51:42]} {[%emt
00:12:05]} Qb6 {[%clk 00:43:28]} {[%emt 00:06:23]} 17. Ba3 {[%clk 00:37:22]}
{[%emt 00:14:51]} Nc5 {[%clk 00:42:34]} {[%emt 00:01:25]} 18. Qf3 {[%clk
00:36:30]} {[%emt 00:01:22]} Kh7 {[%clk 00:35:59]} {[%emt 00:07:05]} 19. g4
{[%clk 00:34:27]} {[%emt 00:02:33]} e4 {[%clk 00:18:07]} {[%emt 00:18:22]} 20.
dxe4 {[%clk 00:32:52]} {[%emt 00:02:05]} Ncxe4 {[%clk 00:16:48]} {[%emt
00:01:48]} 21. Qf4 {[%clk 00:21:00]} {[%emt 00:12:22]} Nc3 {[%clk 00:12:12]}
{[%emt 00:05:06]} 22. Rxe8 {[%clk 00:17:24]} {[%emt 00:04:06]} Nxe8 {[%clk
00:12:38]} {[%emt 00:00:05]} 23. Re1 {[%clk 00:17:48]} {[%emt 00:00:06]} Nf6
{[%clk 00:12:32]} {[%emt 00:00:36]} 24. Nxd4 {[%clk 00:11:38]} {[%emt
00:06:39]} Bxg4 {[%clk 00:11:50]} {[%emt 00:01:12]} 25. Bb2 {[%clk 00:11:57]}
{[%emt 00:00:11]} Na4 {[%clk 00:10:13]} {[%emt 00:02:07]} 26. Ba1 {[%clk
00:11:22]} {[%emt 00:01:05]} Nc5 {[%clk 00:09:46]} {[%emt 00:00:57]} 27. Re7
{[%clk 00:09:58]} {[%emt 00:01:54]} Qa5 {[%clk 00:10:02]} {[%emt 00:00:14]} 28.
h3 {[%clk 00:09:10]} {[%emt 00:01:18]} Qxa2 {[%clk 00:09:55]} {[%emt 00:00:37]}
29. Bc3 {[%clk 00:09:18]} {[%emt 00:00:22]} Qxc4 {[%clk 00:09:11]} {[%emt
00:01:14]} 30. hxg4 {[%clk 00:05:55]} {[%emt 00:03:53]} Qxc3 {[%clk 00:09:37]}
{[%emt 00:00:05]} 31. Rxf7 {[%clk 00:06:12]} {[%emt 00:00:12]} Kg8 {[%clk
00:07:22]} {[%emt 00:02:45]} 32. Rxf6 {[%clk 00:05:45]} {[%emt 00:00:57]} gxf6
{[%clk 00:07:17]} {[%emt 00:00:35]} 33. Bd5+ {[%clk 00:06:03]} {[%emt
00:00:12]} Kh7 {[%clk 00:07:06]} {[%emt 00:00:40]} 34. Nf5 {[%clk 00:05:50]}
{[%emt 00:00:43]} Qe1+ {[%clk 00:04:02]} {[%emt 00:03:35]} 35. Kg2 {[%clk
00:06:15]} {[%emt 00:00:05]} 1-0